San Andreas Movie Quiz - Statistics

General Stats
  • This quiz has been taken 25 times
  • The average score is 5 of 10
Answer Stats
Clue Answer % Correct
Dwayne Johnson Ray Gaines
85%
Alexandra Daddario Blake Gaines
77%
Carla Gugino Emma Gaines
62%
Hugo Johnston-Burt Ben Taylor
54%
Paul Giamatti Lawrence
54%
Art Parkinson Ollie Taylor
54%
Alec Utgoff Alexi
23%
Loan Gruffudd Daniel Reddick
23%
Arabella Morton Mallory Gaines
15%
Archie Panjabi Serena
15%
No matching quizzes found
Score Distribution
Percent of People with Each Score
Percentile by Number Answered
Your Score History
You have not taken this quiz